[Event "European Rapid 2022"]
[Site "Katowice POL"]
[Date "2022.12.17"]
[Round "2.96"]
[White "Mitusov, Semen"]
[Black "Gorkiewicz, Mateusz"]
[Result "1-0"]
[WhiteTitle "IM"]
[WhiteElo "2397"]
[BlackElo "2076"]
[WhiteFideId "14151049"]
[BlackFideId "21807299"]
[EventDate "2022.12.17"]

1. e4 e5 2. Nf3 Nc6 3. Bc4 Nf6 4. d3 Be7 5. O-O O-O 6. Re1 d6 7. c3 Na5 8. Bb5
a6 9. Ba4 b5 10. Bc2 c5 11. a4 b4 12. Nbd2 Re8 13. Nf1 h6 14. h3 Nc6 15. Ng3 Be6
16. Bb3 Bxb3 17. Qxb3 Bf8 18. Be3 d5 19. exd5 Qxd5 20. Qc2 c4 21. dxc4 Qxc4 22.
Nd2 Qe6 23. c4 Rad8 24. Nb3 Qc8 25. Re2 Re6 26. Rae1 Nd4 27. Bxd4 exd4 28. Nc1
Rxe2 29. Rxe2 Nd7 30. Nd3 Nc5 31. b3 a5 32. Nxc5 Bxc5 33. Qd3 g6 34. Ne4 Bb6 35.
Nf6+ Kg7 36. Nd5 Ba7 37. Re7 Rxd5 38. cxd5 Qc1+ 39. Qf1 Qc2 40. Rxa7 d3 41. Qa1+
Qc3 42. Qd1 d2 43. Rc7 Qxc7 44. Qxd2 Qc3 45. Qd1 Kf8 46. d6 Ke8 47. Qe2+ Kd8 48.
Qe7+ 1-0

[Event "European Rapid 2022"]
[Site "Katowice POL"]
[Date "2022.12.17"]
[Round "2.97"]
[White "Novotny, Michal"]
[Black "Kucypera, Malgorzata"]
[Result "1-0"]
[WhiteTitle "FM"]
[WhiteElo "2250"]
[BlackElo "2027"]
[WhiteFideId "310980"]
[BlackFideId "1120000"]
[EventDate "2022.12.17"]

1. e4 c5 2. Nf3 Nc6 3. Bb5 a6 4. Bxc6 dxc6 5. h3 Nf6 6. d3 g6 7. O-O Bg7 8. Nc3
O-O 9. Be3 b6 10. Qd2 Re8 11. Bh6 Bh8 12. Qf4 Nh5 13. Qh2 b5 14. e5 Ng7 15. Be3
Ne6 16. Ne4 Qd5 17. h4 c4 18. Nc3 Qd8 19. dxc4 bxc4 20. h5 Bb7 21. hxg6 hxg6 22.
Ne4 Nf8 23. Qf4 Ne6 24. Qh4 Nf8 25. Neg5 f6 26. Rad1 Qc8 27. Qxc4+ e6 28. exf6
Bxf6 29. Qf4 Kg7 30. Ne4 Bxb2 31. c3 c5 32. Qh6+ Kg8 33. Nf6+ Kf7 34. Nxe8 Kxe8
35. Ne5 Bxc3 36. Nxg6 Nxg6 37. Qxg6+ Kf8 38. Bh6+ Ke7 39. Bg5+ Kf8 40. Rd8+ Qxd8
41. Bxd8 Rxd8 42. Qxe6 Bd5 43. Qxa6 Bd4 44. Re1 Kf7 45. Qa5 Rg8 46. Qc7+ Kf6 47.
Qd6+ 1-0

[Event "European Rapid 2022"]
[Site "Katowice POL"]
[Date "2022.12.17"]
[Round "2.99"]
[White "Karolczuk, Iwo"]
[Black "Bochnickova, Simona"]
[Result "1-0"]
[WhiteTitle "FM"]
[WhiteElo "2327"]
[BlackElo "2009"]
[WhiteFideId "21816972"]
[BlackFideId "14958562"]
[EventDate "2022.12.17"]

1. e4 e5 2. Nf3 Nc6 3. Bb5 Nf6 4. d3 Ne7 5. O-O Ng6 6. Re1 c6 7. Ba4 b5 8. Bb3
Be7 9. d4 d6 10. h3 O-O 11. c3 Be6 12. Bxe6 fxe6 13. Qb3 Qd7 14. Ng5 d5 15. exd5
Nxd5 16. Qd1 Bxg5 17. Bxg5 Rf5 18. Be3 Qf7 19. Nd2 Ngf4 20. Ne4 Qg6 21. Qg4 Raf8
22. Rad1 exd4 23. Qxg6 Nxg6 24. Bxd4 a6 25. Ng3 R5f7 26. Rxe6 Rc8 27. Nh5 Ndf4
28. Nxf4 Nxf4 29. Re4 c5 30. Be3 Ng6 31. Rd6 a5 32. Rb6 b4 33. Rb5 bxc3 34. bxc3
Rd8 35. Rxa5 Rd1+ 36. Kh2 Rb7 37. Rxc5 Rbb1 38. Rc7 h5 39. h4 Ra1 40. Bd4 Rh1+
41. Kg3 Rxa2 42. Rxg7+ 1-0

[Event "European Rapid 2022"]
[Site "Katowice POL"]
[Date "2022.12.17"]
[Round "2.100"]
[White "Radecki, Adam"]
[Black "Dobrovoljc, Vid"]
[Result "1/2-1/2"]
[BlackTitle "FM"]
[WhiteElo "2012"]
[BlackElo "2384"]
[WhiteFideId "1197347"]
[BlackFideId "14609843"]
[EventDate "2022.12.17"]

1. e4 e6 2. d3 d5 3. Nd2 Nf6 4. g3 c5 5. Bg2 Nc6 6. f4 b6 7. Ngf3 Bb7 8. O-O Be7
9. b3 Qc7 10. Bb2 dxe4 11. Nxe4 Nxe4 12. dxe4 O-O 13. Qe2 a5 14. Rfd1 a4 15. Ne5
Bf6 16. Rd7 Qc8 17. Rad1 Bxe5 18. fxe5 axb3 19. axb3 Ra2 20. Bc3 Nd4 21. Bxd4
cxd4 22. R7xd4 Rxc2 23. Qb5 Qc5 24. Qxc5 Rxc5 25. Rb4 b5 26. Rd7 Rc1+ 27. Bf1
Bc6 28. Rc7 Rd8 29. Kf2 Rc2+ 30. Ke3 g5 31. Rd4 Rxd4 32. Kxd4 b4 33. Bc4 Be8 34.
Rc8 Kf8 35. Rb8 Ke7 36. Rb7+ Kd8 37. Rxb4 Rxh2 38. Rb8+ Ke7 39. b4 h5 40. b5 h4
41. gxh4 gxh4 42. b6 Rb2 43. Kc3 Rb1 44. Bd3 Rc1+ 45. Bc2 Bc6 46. Rc8 Bxe4 47.
Kd4 Bd5 48. Kc3 Kd7 49. Rc7+ Kd8 50. Rxf7 h3 51. Rh7 Be4 52. b7 Bxb7 53. Rxh3
Be4 54. Rh2 Kc7 55. Kb2 Re1 56. Bb3 Bf5 57. Bc2 Rxe5 58. Bxf5 exf5 59. Rh6 Rc5
60. Kb3 Kd7 61. Kb4 Rc1 62. Kb3 Ke7 63. Kb2 Rc8 64. Ra6 Kf7 65. Rd6 Kg7 66. Ra6
f4 67. Ra4 Rf8 68. Kc2 f3 69. Ra1 Kg6 70. Kd2 Kg5 71. Ke3 Kg4 72. Rg1+ Kh3 73.
Kf2 1/2-1/2

[Event "European Rapid 2022"]
[Site "Katowice POL"]
[Date "2022.12.17"]
[Round "3.1"]
[White "Kokol, Peter"]
[Black "Navara, David"]
[Result "0-1"]
[WhiteTitle "FM"]
[BlackTitle "GM"]
[WhiteElo "2347"]
[BlackElo "2684"]
[WhiteFideId "14604523"]
[BlackFideId "309095"]
[EventDate "2022.12.17"]

1. e4 c5 2. Nf3 d6 3. d4 cxd4 4. Nxd4 Nf6 5. Nc3 a6 6. Be3 e5 7. Nb3 Be6 8. f3
h5 9. Qd2 Nbd7 10. Nd5 Bxd5 11. exd5 g6 12. Be2 Bg7 13. O-O Qc7 14. Na5 b6 15.
Nc6 Nxd5 16. Qxd5 Nf6 17. Qb3 Qxc6 18. Qxb6 Qxb6 19. Bxb6 Nd5 20. Bf2 Nf4 21.
Bc4 Ke7 22. Rad1 Rhc8 23. Bb3 a5 24. a4 Rab8 25. g3 Ne6 26. Be1 Nd4 27. Bxa5 d5
28. Rxd4 exd4 29. Rd1 Kd6 30. Bd2 Be5 31. f4 Bf6 32. f5 g5 33. Be1 Re8 34. Bf2
Re4 35. a5 Ra8 36. Be1 g4 37. Bb4+ Kc6 38. Ba4+ Kb7 39. Bb3 Rd8 40. Bc5 Bg5 41.
Bb6 Rd7 42. Ba4 Rde7 43. Kf1 d3 44. Bb3 R7e5 45. cxd3 Rxf5+ 46. Bf2 Rb4 47. a6+
Ka8 48. Re1 Rxb3 49. Re8+ Rb8 0-1

[Event "European Rapid 2022"]
[Site "Katowice POL"]
[Date "2022.12.17"]
[Round "3.2"]
[White "Grandelius, Nils"]
[Black "Wyss, Jonas"]
[Result "1-0"]
[WhiteTitle "GM"]
[BlackTitle "FM"]
[WhiteElo "2660"]
[BlackElo "2222"]
[WhiteFideId "1710400"]
[BlackFideId "1311387"]
[EventDate "2022.12.17"]

1. e4 e6 2. d4 d5 3. e5 c5 4. c3 Qb6 5. Nf3 Nc6 6. Be2 cxd4 7. cxd4 Nh6 8. Bxh6
gxh6 9. Qd2 Bd7 10. Nc3 O-O-O 11. O-O Kb8 12. Rab1 Rg8 13. Qf4 Be7 14. Nxd5 exd5
15. e6+ Qc7 16. Qxc7+ Kxc7 17. exd7 Bf6 18. Bd3 Rxd7 19. Bxh7 Re8 20. Rfd1 Kd6
21. Kf1 Rde7 22. g3 a6 23. Rd2 Rh8 24. Bf5 Rhe8 25. Rbd1 Na5 26. Rc2 Nc6 27.
Rcd2 Na5 28. Bd3 Nc6 29. Bb1 Na5 30. Bd3 Nc6 31. h4 Na5 32. Re2 Nc6 33. Rxe7
Rxe7 34. Bb1 Re8 35. Bc2 h5 36. Rd2 Re7 37. Ba4 b5 38. Bc2 Re8 39. Bf5 Re7 40.
Bc8 a5 41. Ba6 b4 42. Bb5 Na7 43. Ba4 Nc8 44. Rc2 Rc7 45. Rxc7 Kxc7 46. Ke2 Nb6
47. Be8 Nc4 48. Bxf7 Nxb2 49. Bxd5 Kd6 50. Bf7 Na4 51. Kd3 Nc3 52. Nd2 Ke7 53.
Bc4 Nd1 54. f3 Nb2+ 55. Ke4 a4 56. Bg8 Nd1 57. Kd3 Nb2+ 58. Ke4 Nd1 59. Kd3 Nb2+
60. Ke3 Nd1+ 61. Ke2 Nb2 62. d5 b3 63. d6+ Kxd6 64. axb3 a3 65. b4 Kc6 66. Ne4
Be7 67. Kd2 Bxb4+ 68. Kc2 Be7 69. Bf7 Kb5 70. Bxh5 Nc4 71. Kb3 Na5+ 72. Ka2 Nc6
73. Be8 Kb6 74. Bxc6 Kxc6 75. h5 Bf8 76. g4 Kd5 77. g5 Ke5 78. g6 Kf4 79. Nc5
Bh6 80. Ne6+ Kf5 81. g7 Bxg7 82. Nxg7+ Kf6 83. h6 Kg6 84. Nf5 1-0

[Event "European Rapid 2022"]
[Site "Katowice POL"]
[Date "2022.12.17"]
[Round "3.4"]
[White "Svane, Rasmus"]
[Black "Zawadzka, Jolanta"]
[Result "1-0"]
[WhiteTitle "GM"]
[BlackTitle "WGM"]
[WhiteElo "2622"]
[BlackElo "2386"]
[WhiteFideId "4657101"]
[BlackFideId "1122320"]
[EventDate "2022.12.17"]

1. Nf3 d5 2. g3 c5 3. Bg2 Nc6 4. d4 cxd4 5. Nxd4 e5 6. Nxc6 bxc6 7. c4 Be6 8.
O-O Nf6 9. Nc3 Rc8 10. cxd5 cxd5 11. Bg5 d4 12. Ne4 Be7 13. Nxf6+ Bxf6 14. Bxf6
gxf6 15. Qd3 Qd7 16. f4 h5 17. fxe5 fxe5 18. Qe4 Qd6 19. Rac1 O-O 20. Qh4 Bg4
21. Rxc8 Rxc8 22. Qg5+ Kf8 23. Bf3 Bxf3 24. Rxf3 Ke8 25. Qxh5 Rc1+ 26. Kf2 Qe6
27. Qh8+ Kd7 28. Qa8 Rc7 29. Qe4 Ke7 30. Qh4+ f6 31. Qh7+ Kd6 32. Qh8 f5 33. Ra3
Kd5 34. Ra5+ Ke4 35. Qh5 f4 36. Qf3+ Kf5 37. Qxf4+ 1-0

[Event "European Rapid 2022"]
[Site "Katowice POL"]
[Date "2022.12.17"]
[Round "3.5"]
[White "Bochnicka, Vladimir ml."]
[Black "Lagarde, Maxime"]
[Result "0-1"]
[WhiteTitle "FM"]
[BlackTitle "GM"]
[WhiteElo "2367"]
[BlackElo "2584"]
[WhiteFideId "14943450"]
[BlackFideId "662399"]
[EventDate "2022.12.17"]

1. e4 c5 2. Nf3 d6 3. d4 cxd4 4. Nxd4 Nf6 5. Nc3 g6 6. Be2 Bg7 7. O-O O-O 8. Nb3
Nbd7 9. Be3 a6 10. Kh1 b5 11. a3 Bb7 12. f3 Rc8 13. Qd2 Re8 14. Rae1 Qc7 15. Bd3
e5 16. Rd1 Nc5 17. Qf2 Qe7 18. Rd2 Nxb3 19. cxb3 Qe6 20. b4 d5 21. exd5 Nxd5 22.
Be4 Nxe3 23. Qxe3 Bxe4 24. Nxe4 Red8 25. Rfd1 Rd4 26. Nc5 Qd5 27. Nb3 Rxd2 28.
Rxd2 Qc4 29. h3 e4 30. fxe4 Qf1+ 31. Qg1 Qf4 32. Qf2 Qxe4 33. Nc5 Qb1+ 34. Qg1
Qf5 35. Qf2 Qg5 36. Rd7 Qc1+ 37. Kh2 Be5+ 38. g3 Qxb2 39. Qxb2 Bxb2 40. Rd3 a5
41. Kg2 Bxa3 42. Rxa3 axb4 43. Rb3 Rxc5 44. Rxb4 Kf8 45. Kf3 Ke7 46. Ke3 Kd6 47.
Rf4 Rf5 48. Rd4+ Kc5 49. Rd7 h5 50. g4 hxg4 51. hxg4 Rf6 52. Ke4 b4 53. Rc7+ Kb5
54. Ke5 Rf1 55. Kd5 b3 56. Rb7+ Ka4 57. Kc4 Rc1+ 58. Kd4 f5 59. gxf5 gxf5 60.
Ra7+ Kb4 61. Rb7+ Ka3 62. Ra7+ Kb2 63. Rf7 Rf1 64. Kd3 Ka2 65. Ke2 Rh1 66. Rxf5
b2 67. Ra5+ Kb3 68. Rb5+ Kc3 0-1

[Event "European Rapid 2022"]
[Site "Katowice POL"]
[Date "2022.12.17"]
[Round "3.6"]
[White "Beliavsky, Alexander G"]
[Black "Tisaj, Domen"]
[Result "1/2-1/2"]
[WhiteTitle "GM"]
[BlackTitle "FM"]
[WhiteElo "2499"]
[BlackElo "2396"]
[WhiteFideId "14602377"]
[BlackFideId "14628708"]
[EventDate "2022.12.17"]

1. Nf3 Nf6 2. c4 e6 3. Nc3 d5 4. d4 Be7 5. Bg5 Nbd7 6. e3 h6 7. Bh4 O-O 8. cxd5
Nxd5 9. Bxe7 Qxe7 10. Bd3 Nxc3 11. bxc3 e5 12. Qc2 Re8 13. Bh7+ Kh8 14. Bf5 exd4
15. cxd4 c5 16. O-O b6 17. Rfd1 cxd4 18. Nxd4 Nc5 19. a4 Bb7 20. a5 Rad8 21.
axb6 axb6 22. Bh3 Ra8 23. Rxa8 Rxa8 24. Qb2 Qf6 25. g3 Bd5 26. Ra1 Rxa1+ 27.
Qxa1 Nb3 28. Qc3 Nxd4 29. exd4 Qf3 30. Qxf3 Bxf3 31. Kf1 Kg8 32. Ke1 Kf8 33. Bf1
Ke7 34. Bc4 f6 35. Kd2 Kd6 36. Kc3 Bd5 37. Bd3 Bc6 38. Bg6 Kd5 39. Bc2 Kd6 40.
h4 g5 41. hxg5 fxg5 42. Bd1 Be8 43. g4 Bc6 44. Kd3 Bd5 45. Kc3 Bg2 46. Be2 Be4
47. f3 Bc6 48. Bd1 Bb5 49. Bc2 Be2 50. Be4 Bb5 51. Kb4 Bc6 52. Kc4 Be8 53. Kb4
Bd7 54. Kc4 Bc6 55. Kb4 Be8 56. Kc4 Bc6 57. Kb4 Be8 1/2-1/2

[Event "European Rapid 2022"]
[Site "Katowice POL"]
[Date "2022.12.17"]
[Round "3.7"]
[White "Hovhannisyan, Robert"]
[Black "Brendel, Oliver"]
[Result "1-0"]
[WhiteTitle "GM"]
[BlackTitle "IM"]
[WhiteElo "2597"]
[BlackElo "2346"]
[WhiteFideId "13302507"]
[BlackFideId "4602048"]
[EventDate "2022.12.17"]

1. e4 c5 2. Nf3 g6 3. d4 cxd4 4. Nxd4 Nc6 5. c4 Nf6 6. Nc3 Nxd4 7. Qxd4 d6 8.
Be3 Bg7 9. Be2 O-O 10. Qd3 Be6 11. Bd4 a6 12. O-O Qa5 13. Qe3 Nd7 14. Bxg7 Kxg7
15. f4 Rac8 16. b3 f6 17. Nd5 Bxd5 18. exd5 Qc5 19. Qxc5 Nxc5 20. Rf3 f5 21. Re3
Kf7 22. Re1 a5 23. g4 fxg4 24. Bxg4 Rc7 25. Kg2 Rb8 26. a4 Kf6 27. h4 Rg8 28.
Kf3 b6 29. Ke2 Rf8 30. Kf2 Rf7 31. Kg3 Rg7 32. Rf1 Rg8 33. Kh3 Rg7 34. f5 g5 35.
h5 h6 36. Kg3 Rg8 37. Rff3 Ra8 38. Kf2 Rca7 39. Ke2 Rc8 40. Kd2 Rac7 41. Rf2 Ra8
42. Bd1 Rac8 43. Bg4 Ra8 44. Kc3 Rca7 45. Kb2 Rc7 46. Rg2 Rca7 47. Rg1 Rc7 48.
Rge1 Rh8 49. R1e2 Ra7 50. Ka3 Rc7 51. Rb2 Ra7 52. Rb1 Rha8 53. Rg1 Rg8 54. Kb2
Rc7 55. Kc3 Ra7 56. Kd2 Rc7 57. Ke2 Rh8 58. Kf2 Ra7 59. Kg3 Rg8 60. Bd1 Rh8 61.
Kg4 Rc7 62. Bc2 Ra7 63. Rf1 Rf8 64. Rfe1 Rh8 65. Re6+ Nxe6 66. Rxe6+ Kf7 67. f6
exf6 68. Rxd6 Rb7 69. Bg6+ Kg7 70. Bf5 Re8 71. Be6 Rf8 72. Kf5 Re8 73. Rc6 g4
74. Kxg4 f5+ 75. Kf4 Kh8 76. Bxf5 Rf8 77. Rxh6+ Kg7 78. Rh7+ 1-0

[Event "European Rapid 2022"]
[Site "Katowice POL"]
[Date "2022.12.17"]
[Round "3.8"]
[White "Kacprzak, Karol"]
[Black "Fridman, Daniel"]
[Result "0-1"]
[BlackTitle "GM"]
[WhiteElo "2226"]
[BlackElo "2602"]
[WhiteFideId "21819327"]
[BlackFideId "11600454"]
[EventDate "2022.12.17"]

1. e4 e6 2. d4 d5 3. e5 c5 4. c3 Qb6 5. Nf3 Bd7 6. Bd3 cxd4 7. O-O Nc6 8. Re1 a6
9. h4 Nge7 10. h5 g6 11. Nbd2 gxh5 12. Nb3 dxc3 13. bxc3 Bg7 14. Ba3 Ng6 15. Bd6
Bf8 16. Bxf8 Kxf8 17. Qd2 h6 18. Bxg6 fxg6 19. Qf4+ Ke8 20. Rab1 Qd8 21. Nc5 g5
22. Qh2 b5 23. Qxh5+ Ke7 24. Qg6 Qf8 25. c4 Rg8 26. Qc2 dxc4 27. Rbd1 Ra7 28.
Qe4 Nb8 29. Rd6 Rc7 30. Qd4 Qc8 31. Ne4 Rg7 32. Rd1 Nc6 33. Qc5 Kf7 34. Nf6 Kg6
35. Qe3 Be8 36. Qe4+ Kf7 37. Nh2 h5 38. Nxh5 Rg6 39. Ng4 Ne7 40. Rd8 Qb7 41. Qe3
Nf5 42. Qh3 c3 43. Nhf6 c2 44. Rc1 Rc8 45. Rxc8 Qxc8 46. Qd3 Qc4 47. Qd8 Ng7 48.
Ne3 Qh4 49. Rxc2 Rh6 50. Rc7+ Kg6 51. Qd3+ Nf5 52. Kf1 Qb4 53. Kg1 Qe1+ 54. Nf1
Qxe5 55. Nxe8 Rh4 56. Qd7 g4 57. Qf7+ Kg5 58. Qg8+ Kf4 59. g3+ Kf3 60. gxh4 g3
61. Nxg3 Qe1+ 62. Nf1 Qxf2+ 63. Kh1 Qxf1+ 64. Kh2 Qf2+ 65. Kh1 Ng3+ 66. Qxg3+
Kxg3 0-1

[Event "European Rapid 2022"]
[Site "Katowice POL"]
[Date "2022.12.17"]
[Round "3.9"]
[White "Santos Latasa, Jaime"]
[Black "Castiglione, Mario"]
[Result "1-0"]
[WhiteTitle "GM"]
[WhiteElo "2668"]
[BlackElo "2247"]
[WhiteFideId "2293307"]
[BlackFideId "14901641"]
[EventDate "2022.12.17"]

1. Nf3 Nf6 2. c4 d6 3. d4 Bg4 4. Nc3 Bxf3 5. exf3 e6 6. d5 e5 7. f4 Nbd7 8. Be2
g6 9. O-O Bg7 10. fxe5 dxe5 11. Be3 O-O 12. c5 b6 13. b4 a5 14. a3 e4 15. Rc1
axb4 16. axb4 Ra3 17. Nb5 Ra2 18. c6 Ne5 19. d6 cxd6 20. c7 Qd7 21. Nxd6 Rxe2
22. c8=Q Rxc8 23. Rxc8+ Bf8 24. Bh6 Nf3+ 25. gxf3 1-0

[Event "European Rapid 2022"]
[Site "Katowice POL"]
[Date "2022.12.17"]
[Round "3.10"]
[White "Marn, Jan"]
[Black "Deac, Bogdan-Daniel"]
[Result "0-1"]
[WhiteTitle "FM"]
[BlackTitle "GM"]
[WhiteElo "2332"]
[BlackElo "2700"]
[WhiteFideId "14619245"]
[BlackFideId "1226380"]
[EventDate "2022.12.17"]

1. d4 f5 2. c4 Nf6 3. g3 e6 4. Bg2 d5 5. Nh3 Bd6 6. Bf4 Nc6 7. O-O O-O 8. Nc3
dxc4 9. d5 exd5 10. Nxd5 Ne4 11. Nc3 Bxf4 12. Nxf4 Nd6 13. Qd2 Bd7 14. Rfd1 Rf6
15. h4 Kh8 16. Rac1 Rc8 17. Ncd5 Rh6 18. Ne3 Ne5 19. Qa5 Qe8 20. Qxa7 Bc6 21.
Ned5 Qf7 22. Qd4 Re8 23. b3 cxb3 24. axb3 Ng4 25. b4 Nb5 26. Qc5 Rd6 27. Nc3
Nxc3 28. Qxc3 Rxd1+ 29. Rxd1 Bxg2 30. Kxg2 Nf6 31. b5 h6 32. e3 b6 33. Rc1 Re7
34. Qc6 Kh7 35. Rd1 Re8 36. Rc1 Re7 37. Qc2 Ne4 38. h5 Rd7 39. Qc6 Nf6 40. Ra1
Rd6 41. Qc2 Ne4 42. Ra8 Nc5 43. Rb8 Ne6 44. Ng6 Nd8 45. Rc8 Rd7 46. g4 Rd5 47.
Rxc7 Qf6 48. e4 Rxb5 49. exf5 Rb4 50. Qe2 Qd4 51. Kh3 Rb3+ 52. f3 Rb1 53. Qg2
Qa1 54. Re7 0-1

[Event "European Rapid 2022"]
[Site "Katowice POL"]
[Date "2022.12.17"]
[Round "3.11"]
[White "Donchenko, Alexander"]
[Black "Cherniaiev, Tykhon"]
[Result "1-0"]
[WhiteTitle "GM"]
[BlackTitle "FM"]
[WhiteElo "2636"]
[BlackElo "2330"]
[WhiteFideId "24603295"]
[BlackFideId "14182360"]
[EventDate "2022.12.17"]

1. Nf3 Nf6 2. c4 e6 3. g3 d5 4. Bg2 Be7 5. d4 O-O 6. Nc3 c6 7. O-O a6 8. b3 b5
9. Qc2 Nbd7 10. Rd1 Bb7 11. a3 Rc8 12. c5 a5 13. b4 Ra8 14. Rb1 axb4 15. axb4
Re8 16. e4 Nxe4 17. Nxe4 dxe4 18. Qxe4 Nf6 19. Qc2 Nd5 20. Ne5 Ra4 21. Bd2 Bf6
22. Be4 g6 23. h4 Bxe5 24. dxe5 Qc7 25. Qb2 Rea8 26. Ra1 Rxa1 27. Rxa1 Rxa1+ 28.
Qxa1 Qb8 29. Kg2 Qa8 30. Qb2 Kf8 31. h5 Ke8 32. Bc2 Kd7 33. Bb3 Qa7 34. Kh3 Qa8
35. Qa2 Qxa2 36. Bxa2 Nc7 37. Kh4 Ke8 38. g4 Kf8 39. Bh6+ Ke8 40. Kg5 Ke7 41.
Bg7 Na6 42. Kh6 Nxb4 43. Bb1 Nd5 44. Kxh7 gxh5 45. gxh5 f6 46. Kg8 fxe5 47. h6
Ke8 48. Bg6+ Kd7 49. h7 Ne7+ 50. Kf7 b4 51. h8=Q b3 52. Qe8+ Kc7 53. Qxe7+ Kb8
54. Bxe5+ Ka8 55. Qd8+ Ka7 56. Qb6+ Ka8 57. Qxb3 Bc8 58. Ke7 Bb7 59. Kxe6 Bc8+
60. Kd6 Bb7 61. f4 Ka7 62. f5 Ka8 63. f6 Ka7 64. f7 Ka8 65. f8=N Ka7 66. Qb6+
Ka8 67. Kc7 Ba6 68. Qxc6+ Ka7 69. Qe8 Bc4 70. Qb8+ Ka6 71. Qb7+ Ka5 72. Bc3+ Ka4
73. Bc2+ Ka3 74. Qb4+ Ka2 75. Qxc4+ Ka3 76. Qb4+ Ka2 77. Bd2 Ka1 78. c6 Ka2 79.
Kd6 Ka1 80. Ke5 Ka2 81. Ke4 Ka1 82. c7 Ka2 83. c8=N Ka1 84. Nb6 Ka2 85. Ba4 Ka1
86. Ne6 Ka2 87. Nd4 Ka1 88. Kd3 Ka2 89. Nc4 Ka1 90. Qb2# 1-0

[Event "European Rapid 2022"]
[Site "Katowice POL"]
[Date "2022.12.17"]
[Round "3.12"]
[White "Paszewski, Mateusz"]
[Black "Ziska, Helgi Dam"]
[Result "1/2-1/2"]
[WhiteTitle "FM"]
[BlackTitle "GM"]
[WhiteElo "2282"]
[BlackElo "2546"]
[WhiteFideId "1141058"]
[BlackFideId "7200595"]
[EventDate "2022.12.17"]

1. Nf3 Nf6 2. g3 g6 3. b3 Bg7 4. Bb2 O-O 5. Bg2 d6 6. d4 c5 7. c4 cxd4 8. Nxd4
d5 9. cxd5 Nxd5 10. O-O Qa5 11. Qd2 Qxd2 12. Nxd2 Rd8 13. Nc4 Bg4 14. Rfd1 Nc6
15. Nxc6 bxc6 16. Bxg7 Kxg7 17. Ne5 Bd7 18. Bxd5 cxd5 19. Rxd5 Be6 20. Rxd8 Rxd8
21. Nd3 Bf5 22. Rc1 Bxd3 23. exd3 a5 24. Rc3 Kf6 25. Kf1 g5 26. Ke2 Rd5 27. Rc4
h5 28. h4 g4 29. a3 Ke5 30. b4 axb4 31. axb4 Kd6 32. Ke3 Rb5 33. Kd2 Rb8 34. Kc3
e6 35. Rc5 f5 36. d4 Ra8 37. Kb3 Ra1 38. b5 Rb1+ 39. Kc4 Rb2 40. Rc6+ Kd7 41.
Ra6 Rxf2 42. Ra7+ Kd6 43. Ra6+ Kd7 44. Ra7+ Kd6 45. Ra6+ Ke7 46. Ra7+ Kd6 1/2-1/2

[Event "European Rapid 2022"]
[Site "Katowice POL"]
[Date "2022.12.17"]
[Round "3.13"]
[White "Mastrovasilis, Dimitrios"]
[Black "Kruckenhauser, Arthur"]
[Result "1/2-1/2"]
[WhiteTitle "GM"]
[BlackTitle "FM"]
[WhiteElo "2605"]
[BlackElo "2339"]
[WhiteFideId "4202694"]
[BlackFideId "1642812"]
[EventDate "2022.12.17"]

1. e4 c5 2. Nf3 d6 3. Bb5+ Bd7 4. Bxd7+ Nxd7 5. O-O Ngf6 6. Qe2 e6 7. c3 Be7 8.
d4 O-O 9. e5 dxe5 10. dxe5 Nd5 11. c4 Nb4 12. Nc3 a6 13. Bf4 Qc7 14. Rad1 Rfd8
15. h4 Nf8 16. h5 h6 17. a3 Nc6 18. Ne4 Rxd1 19. Rxd1 Rd8 20. Nd6 Nxe5 21. Qxe5
f6 22. Qe4 Bxd6 23. Bxd6 Rxd6 24. Rxd6 Qxd6 25. Qxb7 Qf4 26. Qxa6 Qc1+ 27. Kh2
Qf4+ 28. Kh3 Qf5+ 29. Kg3 e5 30. Qd6 Ne6 31. Qd5 Kh7 32. Kh2 Nf4 33. Qf7 Qg4 34.
Ne1 Qh4+ 35. Kg1 Ne2+ 36. Kf1 Nf4 37. Kg1 Ne2+ 38. Kf1 Nf4 39. Kg1 Ne2+ 1/2-1/2

[Event "European Rapid 2022"]
[Site "Katowice POL"]
[Date "2022.12.17"]
[Round "3.14"]
[White "Grabarczyk, Miroslaw"]
[Black "Sargsyan, Shant"]
[Result "0-1"]
[WhiteTitle "GM"]
[BlackTitle "GM"]
[WhiteElo "2337"]
[BlackElo "2645"]
[WhiteFideId "1101684"]
[BlackFideId "13306766"]
[EventDate "2022.12.17"]

1. d4 Nf6 2. c4 g6 3. Nf3 Bg7 4. g3 O-O 5. Bg2 d6 6. Nc3 Nbd7 7. O-O e5 8. e4
Re8 9. h3 b6 10. Re1 exd4 11. Nxd4 Bb7 12. Kh2 Nc5 13. f3 a5 14. Be3 c6 15. Qd2
d5 16. cxd5 cxd5 17. exd5 Nxd5 18. Nxd5 Qxd5 19. Nb5 Qc6 20. Bxc5 Qxc5 21. Nd6
Red8 22. Nxb7 Rxd2 23. Nxc5 bxc5 24. Rac1 Bd4 25. f4 Rb8 26. Rb1 Bxb2 27. Re4
Rb4 28. Rbe1 Bd4 29. R1e2 Rbb2 30. Bf3 Rxa2 31. Rxd2 Rxd2+ 32. Re2 Rd3 33. Kg2
a4 34. Bd5 Kf8 35. Be4 Rc3 36. Rc2 Re3 37. Bd5 a3 38. h4 f5 39. h5 gxh5 40. Kh3
Kg7 41. Kh4 Bf6+ 42. Kxh5 Rxg3 43. Rh2 Rg6 0-1

[Event "European Rapid 2022"]
[Site "Katowice POL"]
[Date "2022.12.17"]
[Round "3.15"]
[White "Azarov, Sergei"]
[Black "Karpus, Michal"]
[Result "1-0"]
[WhiteTitle "GM"]
[BlackTitle "FM"]
[WhiteElo "2562"]
[BlackElo "2212"]
[WhiteFideId "13501470"]
[BlackFideId "1174088"]
[EventDate "2022.12.17"]

1. e4 e5 2. Nf3 Nc6 3. Bc4 Nf6 4. d3 h6 5. O-O d6 6. c3 g5 7. Re1 Bg7 8. Na3 O-O
9. Nc2 Ne7 10. Ne3 Ng6 11. a4 c6 12. Bb3 Be6 13. Qc2 Qd7 14. a5 Nf4 15. Ba2 Bg4
16. Nxg4 Qxg4 17. Bxf4 Qxf4 18. d4 Rfe8 19. dxe5 dxe5 20. Rad1 Rad8 21. h3 Nd7
22. a6 bxa6 23. Qa4 Nc5 24. Rxd8 Rxd8 25. Qa5 Nb7 26. Qc7 Bf8 27. Qxb7 1-0

[Event "European Rapid 2022"]
[Site "Katowice POL"]
[Date "2022.12.17"]
[Round "3.16"]
[White "Saric, Ante"]
[Black "Brilej, Jaka"]
[Result "1-0"]
[WhiteTitle "GM"]
[BlackTitle "FM"]
[WhiteElo "2504"]
[BlackElo "2336"]
[WhiteFideId "14506254"]
[BlackFideId "14618818"]
[EventDate "2022.12.17"]

1. Nf3 d5 2. d4 Nf6 3. c4 c6 4. Qb3 dxc4 5. Qxc4 Bf5 6. g3 Nbd7 7. Bg2 e6 8. O-O
Be7 9. Nc3 Ne4 10. e3 O-O 11. Rd1 Nxc3 12. bxc3 Be4 13. Qe2 b5 14. a4 a6 15. c4
Nb6 16. Ne5 Bxg2 17. Kxg2 Nxc4 18. Nxc4 bxc4 19. e4 Rb8 20. Qxc4 Rb4 21. Qc3 Qb6
22. Be3 Rb3 23. Qc4 Rb4 24. Qe2 c5 25. d5 Rxe4 26. Bxc5 Rxe2 27. Bxb6 exd5 28.
Rxd5 Re6 29. a5 g6 30. Rc1 Rd6 31. Rxd6 Bxd6 32. Rc6 Bb4 33. Rc7 Ra8 34. Kf3 f5
35. Ke2 Re8+ 36. Kd3 Re5 37. Bd4 Rxa5 38. Rg7+ Kf8 39. Rxh7 Be7 40. h4 Ra3+ 41.
Kc4 f4 42. Kd5 Rd3 43. Ke4 Rd1 44. g4 a5 45. h5 gxh5 46. gxh5 Rh1 47. Kf5 a4 48.
Ke6 Re1+ 49. Be5 Rxe5+ 50. Kxe5 f3 51. Ke6 Bc5 52. h6 Bxf2 53. Rh8# 1-0